Del movimiento de Jesús a la Iglesia cristiana: ensayo de exégesis sociológica del cristianismo primitivo

I tiakina i:
Ngā taipitopito rārangi puna kōrero
Kaituhi matua: Aguirre, Rafael (Author)
Hōputu: Pukapuka
Reo:Pāniora
I whakaputaina: Pamplona Verbo Divino 1998
Putanga:1a. ed
Ngā marau:
Ngā Tūtohu: Tāpirihia he Tūtohu
Kāore He Tūtohu, Me noho koe te mea tuatahi ki te tūtohu i tēnei pūkete!

MARC

LEADER 00000cam a2200000 a 4500
001 UCE7033
003 CL-VaPUC
008 150520e19980000sp |||||||||||||||||spa|d
020 |a 8481691569 
082 0 4 |a 239  |b AGU  |2 21 
100 0 |a Aguirre, Rafael  |e author  |9 579754 
245 1 0 |a Del movimiento de Jesús a la Iglesia cristiana: ensayo de exégesis sociológica del cristianismo primitivo 
250 |a 1a. ed 
300 |a 225 p 
942 |c BK 
945 |d 20150520 16:51:00  |a dcastane 
260 |a Pamplona  |b Verbo Divino  |c 1998 
650 0 |a Apologética  |9 269349 
650 0 |a Cristianismo primitivo  |9 439779 
650 0 |a Evangelios  |9 314864 
583 |a last modification  |c 20150520 16:51:00  |k Rodrigo Vera 
999 |c 359178  |d 359176 
952 |0 0  |1 0  |3 erb  |4 0  |6 239_000000000000000_AGU_1998  |7 0  |8 A  |9 468249  |a BIBTEO  |b BIBTEO  |e Casale Rolle, Carlos Ignacio, -2014  |i 5173973  |o 239 AGU 1998  |p 5173973  |r 2025-01-17  |w 2019-11-23  |y BK  |z Catalogado en:20150520  |k ICR